| 000 | 01760cam a22004814i 4500 | ||
|---|---|---|---|
| 003 | PE-LiUPU | ||
| 005 | 20250731172941.0 | ||
| 008 | 150623s r 000 0 d | ||
| 020 | _a0310208289 | ||
| 035 | _a(Sirsi) i9780310208280 | ||
| 040 |
_aPE-LiUPU _bspa _cPE-LiUPU _erda |
||
| 049 | _aPRUA | ||
| 082 | 0 | 4 |
_a220.601 _bF32 _221 |
| 245 | 0 | 0 |
_aFoundations of contemporary interpretation / _cV. Philips Long .. [et al.] ; Moise´s Silva, editor general. |
| 264 | 1 |
_aMichigan : _bZondervan Publishing House, _c1996. |
|
| 300 |
_a688 páginas ; _c24 cm. |
||
| 336 |
_atext _2rdacontent |
||
| 337 |
_aunmediated _2rdamedia |
||
| 338 |
_avolume _2rdacarrier |
||
| 500 | _aContiene 6 volúmenes en uno. | ||
| 504 | _aBibliografía al pie de páginas. | ||
| 505 | 0 | _aHas the church the bible?. -Literary approaches to biblical interpretation, .God, language and sripture. -The art of biblical history. -The art of biblical history. -Science and hermeneutics. -The study of theology. | |
| 526 | _aSEG42 | ||
| 526 | _aSEG41 | ||
| 526 | _aSEG40 | ||
| 526 | _aSEG39 | ||
| 526 | _aP94 | ||
| 526 | _aP87 | ||
| 526 | _aP86 | ||
| 526 | _aP85 | ||
| 526 | _aP77 | ||
| 526 | _aP76 | ||
| 526 | _aP35 | ||
| 650 | 0 | 4 | _aHermenéutica bíblica. |
| 650 | 0 | 4 |
_aHermenéutica _xCristianismo. |
| 700 | 1 |
_aSilva, Moisés, _eed. |
|
| 942 |
_2ddc _cBOOK |
||
| 949 |
_a220.601 F32 _wDEWEY _c1 _i45323 _lCCODEBUL1 _mBUL _r0 _sY _tBOOK _u2015-6-24 _xTEOLOGIA _PP35 _0COMPRA _o.STAFF. Colección General |
||
| 994 |
_aC0 _bPEPRU |
||
| 596 | _a1 | ||
| 999 |
_a220.601 F32 _wDEWEY _c21461 _i44604 _d21461 _f2021-11-9 _g5 _lCCODEBUL1 _mBUL _q1 _r0 _sY _tBOOK _u2015-6-24 _xTEOLOGIA _PP35 _0COMPRA _o.STAFF. Colección General |
||
| 980 |
_81 _gALBERTO SANCHEZ Responsable de Automatización |
||